Disgusting Synonyms, 3 Lives - Statistics

General Stats
  • This quiz has been taken 14 times
  • The average score is 12 of 14
Answers on the Grid
Answers color-coded by a green-red scale on the quiz's grid according to % correct below.
vomitous
vile
unsavory
uninviting
unembittered
tart
squicky
sick
salubrious
repulsive
puckery
offensive
odious
ireful
innocuous
grotty
godawful
genial
foul
embittered
egregious
dulcet
dry
congenial
choleric
bogging
bland
affable
 
Answer Stats
Answer % Correct
foul
100%
odious
100%
repulsive
100%
vile
100%
offensive
92%
uninviting
92%
unsavory
92%
vomitous
92%
egregious
83%
godawful
83%
grotty
83%
sick
83%
bogging
33%
squicky
33%
No matching quizzes found
Score Distribution
Percent of People with Each Score
Percentile by Number Answered
Your Score History
You have not taken this quiz